书目信息 |
| 题名: |
兵略
|
|
| 作者: | 李高峰 编著 | |
| 分册: | ||
| 出版信息: | 北京 中国长安出版社 2005.12 |
|
| 页数: | 265页 | |
| 开本: | 25cm | |
| 丛书名: | ||
| 单 册: | ||
| 中图分类: | E892-49 | |
| 科图分类: | ||
| 主题词: | 兵法--中国--古代--通俗读物 | |
| 电子资源: | ||
| ISBN: | 7-80175-398-4 | |
| 000 | 00922nam0 22002417 450 | |
| 001 | 192004003980 | |
| 005 | 20070905145447.76 | |
| 010 | @a7-80175-398-4@dCNY36.00 | |
| 100 | @a20070602d2005 ekmy0chiy0121 ea | |
| 101 | 0 | @achi |
| 102 | @aCN@b110000 | |
| 105 | @aa z 000yy | |
| 200 | 1 | @a兵略@Abing lue@e兵战商战智慧全书@f李高峰编著@zeng |
| 210 | @a北京@c中国长安出版社@d2005.12 | |
| 215 | @a265页@c图@d25cm | |
| 300 | @a其他题名:兵战商战智慧全书 | |
| 330 | @a本书作为明代抗倭将领戚继光的军事名著,是我国古代十大兵书之一,在我国古代军事思想史上占有重要地位。书中关于权、形势、阴阳、技巧等几个方面的见解之独到、论述这精辟。堪与《三十六计》、《孙子兵法》等世人耳熟能详的经典兵书相媲美。 | |
| 517 | 1 | @a兵战商战智慧全书@Abing zhan shang zhan zhi hui quan shu |
| 606 | 0 | @a兵法@y中国@z古代@j通俗读物 |
| 690 | @aE892-49@v4 | |
| 701 | 0 | @a李高峰@Ali gao feng@4编著 |
| 801 | 0 | @aCN@c20070905 |
| 905 | @dE892-49@eL161 | |
| 兵略:兵战商战智慧全书/李高峰编著.-北京:中国长安出版社,2005.12 |
| 265页:图;25cm |
| 其他题名:兵战商战智慧全书 |
| ISBN 7-80175-398-4:CNY36.00 |
| 本书作为明代抗倭将领戚继光的军事名著,是我国古代十大兵书之一,在我国古代军事思想史上占有重要地位。书中关于权、形势、阴阳、技巧等几个方面的见解之独到、论述这精辟。堪与《三十六计》、《孙子兵法》等世人耳熟能详的经典兵书相媲美。 |
| ● |
| 相关链接 |
|
|
|
正题名:兵略
索取号:E892-49/L161
 
预约/预借
| 序号 | 登录号 | 条形码 | 馆藏地/架位号 | 状态 | 备注 |
| 1 | 620208 | 206202081 | 社科库509/509社科库 123排2列1层/ [索取号:E892-49/L161] | 在馆 | |
| 2 | 620209 | 206202090 | 社科库509/509社科库 123排2列1层/ [索取号:E892-49/L161] | 在馆 | |
| 3 | 620210 | 206202107 | 社科库509/509社科库 123排2列1层/ [索取号:E892-49/L161] | 在馆 |